| 000 | 01751cam a2200349Li 4500 | ||
|---|---|---|---|
| 001 | 78374 | ||
| 005 | 20230410124102.0 | ||
| 008 | 091006s2009 fr f b 001 0 fre d | ||
| 035 | _a(OCoLC)ocn495196545 | ||
| 040 |
_aZWZ _encafnor _bfre _cZWZ |
||
| 020 | _a9782707154132 (br) | ||
| 020 | _a270715413X (br) | ||
| 029 | 0 |
_aZWZ _b137026404 |
|
| 035 | _a(OCoLC)495196545 | ||
| 082 | 0 |
_a305.094 4 _222 |
|
| 049 | _aGRAL | ||
| 050 | 1 | 4 | _aM455 |
| 100 | 1 |
_aMaurin, Louis _d(1966-....) |
|
| 245 | 1 | 0 |
_aDechiffrer la societe francaise _h[Texte imprime] / _cLouis Maurin ; [preface de Denis Clerc]. |
| 260 |
_aParis : _bLa Decouverte, _cimpr. 2009. |
||
| 300 |
_a1 vol. (366 p.) : _bill. ; _c24 cm. |
||
| 500 | _aLa couv. porte en plus : "Population, le dynamisme retrouve. Les metamorphoses de la famille. Hommes-femmes, a quand l'egalite ? Immigres et etrangers, douce France? Les ages de la vie. Le niveau scolaire monte, les inegalites demeurent. Le travail et l'ombre du chomage. Une France plus riche... et plus inegale. Portrait des milieux sociaux. Une societe de consommateurs. La societe de l'information et des loisirs. Mobilite, espace et logement, le cadre de vie. Corps, sante et sexualitâe, une societe bien dans sa peur? Insâecurite, entre fantasmes et realitâes. Valeurs, politique et lien social, ce quit unit" | ||
| 504 | _aBibliographie p. [353]-356. Notes bibliographiques en bas de pages. Index. | ||
| 650 | 7 |
_aFranðcais _xConditions sociales. _2ram |
|
| 650 | 7 |
_aCaractáere national franðcais. _2ram |
|
| 650 | 7 |
_aFrancais _xConditions âeconomiques. _2ram |
|
| 651 | 7 |
_aFrance _xConditions sociales. _2ram |
|
| 700 | 1 |
_aClerc, Denis _d(1943?-....). _ePrâef. |
|
| 942 |
_2lcc _cbk |
||
| 946 | _aaa | ||
| 994 |
_aC0 _bDRFGD |
||
| 999 |
_c70697 _d70697 |
||